000
00263nam a22001217a 4500
999
_c
12004
_d
12004
020
_a
978-0195790511
082
_a
954.04
100
_a
Gurharpal Singh
245
_a
Region and Partition
260
_a
Karachi
_b
Oxford Press
_c
1999
300
_a
407
942
_c
BK